000 00695nam a2200229 a 4500
001 000047782
003 DO-SdBNP
005 20230221100657.0
007 ta
008 180808s2016 dr ab c 000 spa d
020 _a9789945445145
040 _aDO-SdBNP
_bspa
_cBNPHU
082 4 _222
_bE66
245 0 0 _aEjército
260 _aSanto Domingo :
_bEjército de República Dominicana,
_c2016
300 _a344 p. :
_bil., mapas, retrs. ;
_c29 cm
504 _aBibliografía : p. 341-343
590 _aInventariado, 2022/BT
651 4 _934468
_aRepública Dominicana
_xEjército Nacional
_xHistoria
651 4 _910930
_aRepública Dominicana
_xFuerzas Armadas
_xHistoria
942 _2ddc
_cLBS1
999 _c47270
_d47270